000 00439 a2200169 4500
001 068532
003 OSt
005 20220218172241.0
008
082 _a821.23
_bC73C
245 1 _aA companion to shakespeare sonnets
_cedited by Michael Schoenfeldt
260 _aUSA
_bWiley Blackwell
_c2010
300 _a521p.
653 _aEnglish
700 _aSchoenfeldt, Michael
_eEditor
942 _2ddc
_cBK
999 _c2188
_d2188